Armature winding ; a practical manual on the construction, winding and repairing of A. C. and D. C. motors and generators, together with practical connection diagrams /

Bibliographic Details
Main Author: Moreton, David Penn, 1882-
Other Authors: Dunlap, Carl H. (Carl Harry), 1889-, Drinkall, Leon Ray, 1885-
Format: Book
Language:English
Published: Chicago : American technical society, [1942]
Subjects:

MARC

Tag First Indicator Second Indicator Subfields
LEADER 00000cam a2200000 4500
001 in00000096177
005 20150925085850.0
008 800401s1942 ilua 00010 eng d
035 |a (OCoLC)06155512 
035 |9 AAL2134AM 
040 |a TXA  |c TXA  |d UtOrBLW 
049 |a TXAM  |c [376456] 
090 |a TK2477  |b .M6 1942 
100 1 |a Moreton, David Penn,  |d 1882- 
245 1 0 |a Armature winding ;  |b a practical manual on the construction, winding and repairing of A. C. and D. C. motors and generators, together with practical connection diagrams /  |c by David P. Moreton ... and Carl H. Dunlap ... and L. R. Drinkall ... 
264 1 |a Chicago :  |b American technical society,  |c [1942] 
300 |a various pagings :  |b illustrations 
336 |a text  |b txt  |2 rdacontent 
337 |a unmediated  |b n  |2 rdamedia 
338 |a volume  |b nc  |2 rdacarrier 
650 0 |a Armatures. 
700 1 |a Dunlap, Carl H.  |q (Carl Harry),  |d 1889- 
700 1 |a Drinkall, Leon Ray,  |d 1885- 
999 |a MARS 
999 f f |s 0b0033f3-5ce3-327d-869f-6efb247b92d3  |i d10323f3-db6c-319c-90cd-d342bb01c0ae  |t 0 
952 f f |p ric  |a Texas A&M University  |b Rellis Campus  |c Joint Library Facility  |d Remote Storage  |t 0  |e TK2477 .M6 1942  |h Library of Congress classification  |i unmediated -- volume  |m A14805468129 
998 f f |a TK2477 .M6 1942  |t 0  |l Remote Storage